Cielenie inflácie a význam inflačných očakávaní Národná banka Slovenska prešla od roku 2000 na cielenie jadrovej inflácie
Pripomienky na tému inflačného cielenia na Slovensku. Menová politika NBS v oblasti cielenia inflácie v rokoch 1999-2000. Experimenty NBS so sledovaním rôznych ukazovateľov inflácie (čistej a jadrovej). Jadrová inflácia vo svete. Metódy jej výpočtu. Potenciálne problémy vyplývajúce pre Slovensko pri...
Salvato in:
| Autore principale: | |
|---|---|
| Altri autori: | |
| Natura: | Capitolo di libro |
| Lingua: | slovacco |
| Soggetti: | |
| Tags: |
Nessun Tag, puoi essere il primo ad aggiungerne!!
|
MARC
| LEADER | 00000naa a2200000 4500 | ||
|---|---|---|---|
| 001 | r037550 | ||
| 005 | 20230824104756.9 | ||
| 041 | 0 | |a slo | |
| 044 | |a SK | ||
| 245 | 1 | 0 | |a Cielenie inflácie a význam inflačných očakávaní |b Národná banka Slovenska prešla od roku 2000 na cielenie jadrovej inflácie |c Petr Dufek, Ľudovít Ódor |
| 520 | |a Pripomienky na tému inflačného cielenia na Slovensku. Menová politika NBS v oblasti cielenia inflácie v rokoch 1999-2000. Experimenty NBS so sledovaním rôznych ukazovateľov inflácie (čistej a jadrovej). Jadrová inflácia vo svete. Metódy jej výpočtu. Potenciálne problémy vyplývajúce pre Slovensko pri zavedení jadrovej inflácie. Dôvody a ciele sledovania vývoja inflácie a inflačných očakávaní. | ||
| 610 | 2 | 0 | |a inflácia |
| 610 | 2 | 0 | |a cielenie inflácie |
| 610 | 2 | 0 | |a inflácia očakávaná |
| 610 | 2 | 0 | |a inflácia jadrová |
| 610 | 2 | 0 | |a politika menová |
| 610 | 2 | 0 | |a indexy cenové |
| 610 | 2 | 0 | |a index cien spotrebiteľských |
| 610 | 2 | 0 | |a ukazovatele ekonomické |
| 610 | 2 | 0 | |a Slovensko |
| 610 | 2 | 0 | |a NBS Bratislava |
| 610 | 2 | 0 | |a banky centrálne |
| 610 | 2 | 0 | |a porovnanie medzinárodné |
| 100 | 1 | |a Dufek, Petr | |
| 700 | 1 | |a Ódor, Ľudovít | |